000 00396nam a2200157Ia 4500
008 230917s9999||||xx |||||||||||||| ||und||
020 _cRS9
040 _e145984
_aMAIN
041 _aEnglish
082 _a150 A65A
100 _aAgnihotri, Prabhu Dayal
245 0 _aAbhinava monovigyan
260 _aVaranasi
_bSampurnanand Sanskrit Vishwavidyalaya
_c1965
300 _a151 p.
942 _cBK
999 _c192211
_d192211